Investovanie v Slovenskej republike pomocou modelu priemer - Gini diplomová práca

Salvato in:
Dettagli Bibliografici
Autore principale: Patakyová, Jana
Ente Autore: Fakulta hospodárskej informatiky EU. Katedra operačného výskumu a ekonometrie
Altri autori: Pekár, Juraj, 1972-
Natura: Libro
Lingua:slovacco
Pubblicazione: Bratislava 2009
Tags: Aggiungi Tag
Nessun Tag, puoi essere il primo ad aggiungerne!!

MARC

LEADER 00000nam$a2200000$$$4500
001 0097078
005 20240318134113.5
041 0 |a slo 
044 |a SK 
245 1 0 |a Investovanie v Slovenskej republike pomocou modelu priemer - Gini  |b diplomová práca  |c Jana Patakyová ; škol. Juraj Pekár 
264 1 |a Bratislava  |c 2009 
300 |a 63 s. 
100 1 |a Patakyová, Jana 
700 1 |a Pekár, Juraj, 1972- 
710 2 |a Fakulta hospodárskej informatiky EU. Katedra operačného výskumu a ekonometrie